Proceedings (Record no. 180338)

MARC details
000 -LEADER
fixed length control field 01029nam a2200277Ia 4500
003 - CONTROL NUMBER IDENTIFIER
control field OSt
005 - DATE AND TIME OF LATEST TRANSACTION
control field 20220918185351.0
008 - FIXED-LENGTH DATA ELEMENTS--GENERAL INFORMATION
fixed length control field 220917b |||||||| |||| 00| 0 eng d
037 ## - SOURCE OF ACQUISITION
Terms of availability Textual
040 ## - CATALOGING SOURCE
Original cataloging agency ARTS
Transcribing agency ARTS
Language of cataloging eng
041 ## - LANGUAGE CODE
Source of code eng
Language code of text/sound track or separate title eng
100 ## - MAIN ENTRY--PERSONAL NAME
Personal name Horton David L. Ed.
9 (RLIN) 68770
110 ## - MAIN ENTRY--CORPORATE NAME
Corporate name or jurisdiction name as entry element Symposium of the learninbg research and development center on perception of language (Univ Of Pittsburgh)
9 (RLIN) 68771
245 #0 - TITLE STATEMENT
Title Proceedings
Remainder of title Perception of language ed by David L Horton and Jamnes J
260 ## - PUBLICATION, DISTRIBUTION, ETC.
Place of publication, distribution, etc. Columbus
Name of publisher, distributor, etc. Charles E Merrill USA
Date of publication, distribution, etc. 1971
300 ## - PHYSICAL DESCRIPTION
Extent xix,267p. illus
Dimensions cm.
650 ## - SUBJECT ADDED ENTRY--TOPICAL TERM
Topical term or geographic name entry element LINGUISTICS
700 ## - ADDED ENTRY--PERSONAL NAME
Personal name Jenkins James J. Ed.
9 (RLIN) 68772
700 ## - ADDED ENTRY--PERSONAL NAME
Personal name Symposium of the learninbg research and development center on perception of language (Univ Of Pittsburgh)
9 (RLIN) 68773
942 ## - ADDED ENTRY ELEMENTS (KOHA)
Classification part P:(S)p1,N68, L1
Koha item type Textual
Source of classification or shelving scheme Colon Classification (CC)
Holdings
Withdrawn status Lost status Damaged status Not for loan Home library Current library Date acquired Total Checkouts Full call number Barcode Date last seen Price effective from Koha item type
        Arts Library Arts Library 2022-09-18   P:(S)p1,N68 L1 AL0514648 2022-09-18 2022-09-18 Textual
Copyright @ Delhi University Library System